[Event "Toronto Closed-B"]
[Site "Toronto CAN"]
[Date "2022.11.07"]
[Round "8"]
[White "Xu, Eddie"]
[Black "Zheng, Victor"]
[Result "1-0"]
[WhiteElo "2035"]
[BlackElo "2139"]
[PlyCount "73"]
[EventDate "2022.09.12"]
[EventType "tourn"]
[EventRounds "9"]
[EventCountry "CAN"]

1. d4 Nf6 2. c4 g6 3. f3 Bg7 4. e4 O-O 5. Nc3 d6 6. Be3 c5 7. Nge2 Nc6 8. d5
Ne5 9. Ng3 e6 10. Be2 exd5 11. cxd5 a6 12. a4 Rb8 13. h3 Ne8 14. O-O f5 15. f4
Nd7 16. exf5 gxf5 17. Bd3 Bxc3 18. bxc3 Ng7 19. a5 Nf6 20. Qf3 Re8 21. Rfe1 h5
22. c4 Bd7 23. Bd2 h4 24. Nf1 Kf7 25. Bc3 Rxe1 26. Rxe1 b5 27. axb6 Qxb6 28.
Nd2 Nfh5 29. Qf2 Ng3 30. Bxg7 Ne4 31. Bxe4 Kxg7 32. Qxh4 fxe4 33. Qe7+ Kh8 34.
Qf6+ Kh7 35. Nxe4 Rg8 36. Ng5+ Rxg5 37. Re7+ 1-0

[Event "Toronto Closed-B"]
[Site "Toronto CAN"]
[Date "2022.11.21"]
[Round "9"]
[White "Nazareno, Merlin"]
[Black "Southam, David"]
[Result "1/2-1/2"]
[WhiteElo "2009"]
[BlackElo "2110"]
[PlyCount "109"]
[EventDate "2022.09.12"]
[EventType "tourn"]
[EventRounds "9"]
[EventCountry "CAN"]

1. d4 e6 2. e4 d5 3. Nc3 Bb4 4. e5 c5 5. a3 Bxc3+ 6. bxc3 Ne7 7. f4 Nbc6 8. Nf3
Nf5 9. Bd3 cxd4 10. Bxf5 exf5 11. cxd4 Qa5+ 12. Bd2 Qa6 13. Kf2 Be6 14. Qe2
Qxe2+ 15. Kxe2 Kd7 16. Rhb1 b6 17. Rb5 Rhb8 18. Rab1 Kc7 19. a4 a6 20. R5b2 Rb7
21. Kd3 Rab8 22. Bc3 b5 23. axb5 Rxb5 24. Rxb5 Rxb5 25. Ra1 Kb6 26. Nd2 Na5 27.
Bxa5+ Rxa5 28. Rb1+ Rb5 29. Nb3 Bd7 30. Kc3 Ka7 31. Ra1 Rb6 32. g3 Rh6 33. h4
Bb5 34. Nc5 Rg6 35. Rg1 h6 36. h5 Rg4 37. Nd3 Bxd3 38. Kxd3 Kb6 39. c4 Kc6 40.
c5 g5 41. hxg6 Rxg6 42. Ke3 Kb5 43. Rb1+ Kc4 44. Rc1+ Kb5 45. Kf3 a5 46. Rb1+
Kc4 47. Rb6 Rg8 48. Ra6 Kb4 49. Ra7 a4 50. Rxf7 a3 51. Ra7 Kb3 52. c6 a2 53. c7
Kb2 54. Rb7+ Kc2 55. Ra7 1/2-1/2

[Event "Toronto Closed-B"]
[Site "Toronto CAN"]
[Date "2022.11.21"]
[Round "9"]
[White "Oancea, Nicolae"]
[Black "Douglas, Richard"]
[Result "1/2-1/2"]
[WhiteElo "2077"]
[BlackElo "2035"]
[PlyCount "128"]
[EventDate "2022.09.12"]
[EventType "tourn"]
[EventRounds "9"]
[EventCountry "CAN"]

1. e4 d5 2. exd5 Qxd5 3. Nc3 Qa5 4. d4 Nf6 5. h3 Bf5 6. Bd2 Qb6 7. Nf3 a6 8.
Bc4 e6 9. O-O Bd6 10. Re1 O-O 11. Bb3 c6 12. Na4 Qc7 13. c4 Nbd7 14. c5 Bf4 15.
Bxf4 Qxf4 16. Bc2 Bxc2 17. Qxc2 Rfd8 18. Re3 Rab8 19. Rae1 Nd5 20. Rb3 N7f6 21.
Nc3 Ne7 22. Ne4 Nf5 23. Nxf6+ gxf6 24. Re4 Qh6 25. Rb6 Kh8 26. Qb3 Rd7 27. Kh2
Qf8 28. Qc4 Qd8 29. Rb3 Qc7+ 30. g3 Rg8 31. Rf4 Rg6 32. Nh4 Nxh4 33. Rxh4 Qa5
34. Re3 Rd5 35. b4 Qa4 36. Qb3 Qxb3 37. Rxb3 Rg8 38. a4 e5 39. Rf3 exd4 40. Rd3
Rgd8 41. Kg2 Kg7 42. Kf1 f5 43. Ke2 a5 44. bxa5 Kf6 45. a6 bxa6 46. Rh6+ Ke7
47. Rxc6 a5 48. Kd2 h5 49. h4 f4 50. Rb3 fxg3 51. fxg3 Rf5 52. Rb7+ Rd7 53.
Rxd7+ Kxd7 54. Rd6+ Kc7 55. Rxd4 Rxc5 56. g4 hxg4 57. Rxg4 f5 58. Rf4 Kd6 59.
h5 Ke5 60. Rh4 Rc7 61. h6 Rh7 62. Ke3 Kf6 63. Kf4 Kg6 64. Rh1 Rxh6 1/2-1/2

[Event "Toronto Closed-B"]
[Site "Toronto CAN"]
[Date "2022.11.21"]
[Round "9"]
[White "Zheng, Victor"]
[Black "Ning, Eric"]
[Result "0-1"]
[WhiteElo "2139"]
[BlackElo "2107"]
[PlyCount "92"]
[EventDate "2022.09.12"]
[EventType "tourn"]
[EventRounds "9"]
[EventCountry "CAN"]

1. Nf3 Nf6 2. c4 g6 3. d4 Bg7 4. g3 O-O 5. Bg2 d6 6. O-O Nc6 7. d5 Na5 8. Qa4
c5 9. dxc6 Nxc6 10. Nc3 Bd7 11. Qc2 Rc8 12. Be3 Bf5 13. Qa4 Nd7 14. Rac1 Nb6
15. Qb5 Bd7 16. Bxb6 axb6 17. Qg5 h6 18. Qe3 Ra8 19. b3 Kh7 20. a4 Nb4 21. Nd4
Bc6 22. Nd5 Nxd5 23. Bxd5 Qd7 24. Nb5 Ra6 25. Rfd1 Bf6 26. Qf3 Kg7 27. h4 h5
28. Rc2 Rc8 29. Rcd2 Bxb5 30. cxb5 Ra7 31. Bc4 Rc5 32. Rd5 Qc7 33. e4 Rxc4 34.
bxc4 Rxa4 35. Rc1 Rxc4 36. Rxc4 Qxc4 37. Qd3 Qc1+ 38. Kg2 Be5 39. Qd2 Qc4 40.
Qd3 Qa2 41. Qe3 Qc4 42. Rd3 Qxb5 43. Rb3 Qc4 44. Rxb6 Bd4 45. Qb3 Qe2 46. g4
Qxf2+ 0-1

[Event "Toronto Closed-C"]
[Site "Toronto CAN"]
[Date "2022.09.12"]
[Round "1"]
[White "Boross-Harmer, Peter"]
[Black "Bergeron, Matthew"]
[Result "1/2-1/2"]
[WhiteElo "1916"]
[BlackElo "1975"]
[PlyCount "94"]
[EventDate "2022.09.12"]
[EventType "tourn"]
[EventRounds "9"]
[EventCountry "CAN"]

1. d4 Nf6 2. Nf3 e6 3. g3 b6 4. Bg2 Bb7 5. O-O Be7 6. c3 O-O 7. Nbd2 d5 8. Re1
Ne4 9. Ne5 c5 10. Nxe4 dxe4 11. Be3 Qc7 12. Qc2 cxd4 13. Bxd4 f6 14. Bxe4 fxe5
15. Bxh7+ Kh8 16. Be3 Nd7 17. Be4 Nf6 18. Bxb7 Qxb7 19. Qg6 Qe4 20. Qxe4 Nxe4
21. Rad1 Rad8 22. Kg2 Bc5 23. Bxc5 Nxc5 24. Rxd8 Rxd8 25. Kf3 Rd2 26. Rb1 Na4
27. Ke3 Rxb2 28. Rxb2 Nxb2 29. Ke4 Na4 30. Kxe5 Nxc3 31. Kxe6 Nxa2 32. e4 Nc3
33. e5 Ne4 34. f3 Nc5+ 35. Kf7 a5 36. f4 g6 37. g4 a4 38. f5 gxf5 39. gxf5 a3
40. e6 Nb7 41. e7 Nd6+ 42. Ke6 Ne8 43. f6 a2 44. f7 Ng7+ 45. Kd7 a1=Q 46. e8=Q+
Nxe8 47. fxe8=Q+ Kh7 1/2-1/2

[Event "Toronto Closed-C"]
[Site "Toronto CAN"]
[Date "2022.09.12"]
[Round "1"]
[White "Gauthier, David"]
[Black "Grisar, Charles"]
[Result "1-0"]
[WhiteElo "1866"]
[BlackElo "1911"]
[PlyCount "71"]
[EventDate "2022.09.12"]
[EventType "tourn"]
[EventRounds "9"]
[EventCountry "CAN"]

1. e4 Nc6 2. Nf3 d6 3. d4 Bg4 4. Be2 Nf6 5. Nc3 g6 6. Be3 Bg7 7. h3 Bxf3 8.
gxf3 a6 9. f4 e5 10. fxe5 dxe5 11. d5 Ne7 12. Qd2 h5 13. O-O-O O-O 14. Bh6 b5
15. a3 c5 16. Bxg7 Kxg7 17. f3 Qa5 18. Rhg1 b4 19. Nb1 Rfc8 20. b3 Qb6 21. a4
Rd8 22. Qe3 Qd6 23. Nd2 Nexd5 24. exd5 Nxd5 25. Ne4 Nxe3 26. Rxd6 Rxd6 27. Nxd6
Rd8 28. Nc4 Nxc4 29. Bxc4 Rd6 30. a5 f5 31. Rd1 Rc6 32. h4 Kf6 33. Rd8 e4 34.
f4 g5 35. hxg5+ Kg6 36. Rh8 1-0

[Event "Toronto Closed-C"]
[Site "Toronto CAN"]
[Date "2022.09.12"]
[Round "1"]
[White "Guan, Daniel"]
[Black "Wang, Bingfei"]
[Result "1/2-1/2"]
[WhiteElo "1872"]
[BlackElo "1926"]
[PlyCount "101"]
[EventDate "2022.09.12"]
[EventType "tourn"]
[EventRounds "9"]
[EventCountry "CAN"]

1. d4 Nf6 2. c4 e6 3. Nc3 d5 4. Bg5 c6 5. e3 Nbd7 6. Nf3 Qa5 7. Bh4 Bb4 8. Qb3
Ne4 9. Rc1 Nb6 10. Nd2 Nxd2 11. Kxd2 dxc4 12. Bxc4 Nxc4+ 13. Qxc4 O-O 14. Rhd1
e5 15. a3 Bxc3+ 16. Qxc3 Qd5 17. f3 exd4 18. Qxd4 Qxd4+ 19. exd4 Be6 20. Re1
Rfe8 21. Re2 f6 22. Rce1 Kf7 23. Kc3 Rad8 24. Bf2 b6 25. b4 Bd5 26. Rxe8 Rxe8
27. Rxe8 Kxe8 28. Bg3 Kd7 29. Kd3 Ke6 30. Bb8 a6 31. a4 g5 32. a5 b5 33. Ke3
Bb3 34. Ba7 f5 35. g3 Bc2 36. Bc5 Kd5 37. f4 g4 38. Be7 h5 39. Bc5 Kc4 40. Be7
Be4 41. Bc5 Kc3 42. Be7 Kc2 43. Bc5 Kd1 44. Kf2 Kd2 45. Be7 Kc3 46. Ke3 Kc2 47.
Bc5 Kd1 48. Kf2 Bd5 49. Be7 Kd2 50. Bc5 Bf3 51. Be7 1/2-1/2

[Event "Toronto Closed-C"]
[Site "Toronto CAN"]
[Date "2022.09.12"]
[Round "1"]
[White "Mohan, Abhinandan"]
[Black "Hanratty, Brian"]
[Result "1-0"]
[WhiteElo "1933"]
[BlackElo "1917"]
[PlyCount "99"]
[EventDate "2022.09.12"]
[EventType "tourn"]
[EventRounds "9"]
[EventCountry "CAN"]

1. d4 Nf6 2. c4 g6 3. Nc3 Bg7 4. e4 d6 5. h3 O-O 6. Nf3 Nc6 7. g4 e5 8. d5 Nd4
9. Be3 c5 10. dxc6 bxc6 11. Nxd4 exd4 12. Bxd4 Re8 13. Bg2 d5 14. cxd5 cxd5 15.
O-O Rb8 16. Nxd5 Nxd5 17. exd5 Ba6 18. Bxg7 Bxf1 19. Bc3 Bxg2 20. Qd4 f6 21.
Kxg2 Re5 22. Rd1 Qd6 23. Qf4 Rf8 24. Bb4 Qb6 25. Bxf8 Kxf8 26. d6 Kf7 27. d7
Qd8 28. Qc4+ Ke7 29. Qb4+ Kf7 30. Qd6 Re6 31. Qd5 Ke7 32. Kf1 a5 33. Re1 Rxe1+
34. Kxe1 Qxd7 35. Qxd7+ Kxd7 36. Kd2 f5 37. g5 Kd6 38. Kd3 Ke5 39. b3 f4 40. a3
f3 41. b4 axb4 42. axb4 Kd5 43. h4 Kc6 44. Kc4 Kb6 45. b5 Kc7 46. Kc5 Kb7 47.
b6 Kb8 48. Kc6 Kc8 49. b7+ Kb8 50. Kb6 1-0

[Event "Toronto Closed-C"]
[Site "Toronto CAN"]
[Date "2022.09.12"]
[Round "1"]
[White "Panahov, Farhad"]
[Black "Ghanbari, Nader Hadji"]
[Result "1/2-1/2"]
[WhiteElo "1945"]
[BlackElo "1952"]
[PlyCount "123"]
[EventDate "2022.09.12"]
[EventType "tourn"]
[EventRounds "9"]
[EventCountry "CAN"]

1. e4 c5 2. Qe2 Nc6 3. c3 e5 4. g3 g6 5. Bg2 Bg7 6. d3 Nge7 7. f4 d6 8. Nf3 O-O
9. O-O exf4 10. Bxf4 d5 11. Nbd2 h6 12. h4 Bg4 13. Qf2 d4 14. Nh2 Be6 15. c4
Qd7 16. Nb3 b6 17. Qd2 Kh7 18. Nf3 Ng8 19. a3 Rae8 20. Nc1 Nf6 21. b4 Nh5 22.
b5 Na5 23. Qd1 f6 24. a4 Bg4 25. Qe1 g5 26. hxg5 hxg5 27. Bd2 Nb7 28. Nh2 Kg6
29. Nxg4 Qxg4 30. Ne2 Rh8 31. Qf2 Qd7 32. Qf3 g4 33. Qf2 Nd6 34. Nf4+ Nxf4 35.
Bxf4 Rh5 36. a5 Nf7 37. axb6 axb6 38. Ra6 Qe6 39. Bc7 Bh6 40. Bf4 Rh8 41. Bxh6
Nxh6 42. Qe2 Nf7 43. Rf4 Ne5 44. Ra1 Nf3+ 45. Kf2 Rh2 46. Rxf3 gxf3 47. Qxf3
R2h5 48. Ra7 R8h7 49. Ra6 Rg5 50. g4 Qxg4 51. Rxb6 Qh4+ 52. Kf1 Rg3 53. Qf5+
Kg7 54. Rb7+ Kh8 55. Rxh7+ Qxh7 56. Qxf6+ Qg7 57. Qd8+ Kh7 58. Qh4+ Kg8 59.
Qd8+ Kh7 60. Qh4+ Kg8 61. Qd8+ Kh7 62. Qh4+ 1/2-1/2

[Event "Toronto Closed-C"]
[Site "Toronto CAN"]
[Date "2022.09.19"]
[Round "2"]
[White "Bergeron, Matthew"]
[Black "Guan, Daniel"]
[Result "1/2-1/2"]
[WhiteElo "1975"]
[BlackElo "1872"]
[PlyCount "69"]
[EventDate "2022.09.12"]
[EventType "tourn"]
[EventRounds "9"]
[EventCountry "CAN"]

1. e4 c5 2. Nf3 Nc6 3. c4 g6 4. d4 cxd4 5. Nxd4 Bg7 6. Be3 Nf6 7. Nc3 O-O 8.
Be2 d6 9. O-O Bd7 10. f4 Nxd4 11. Bxd4 Bc6 12. Bf3 Nd7 13. Bxg7 Kxg7 14. Qd4+
Kg8 15. Rad1 Qb6 16. Rfe1 Qxb2 17. Nd5 Qxd4+ 18. Rxd4 Bxd5 19. exd5 Rfe8 20.
Rde4 Kf8 21. Bd1 Nc5 22. R4e3 e6 23. dxe6 Rxe6 24. Rxe6 fxe6 25. g4 Kg7 26. Bc2
Kf6 27. g5+ Kg7 28. Kg2 h6 29. h4 Rf8 30. Kg3 h5 31. Rd1 Rd8 32. Kf3 Kf7 33.
Ke3 Rd7 34. Kd4 Rd8 35. Ke3 1/2-1/2

[Event "Toronto Closed-C"]
[Site "Toronto CAN"]
[Date "2022.09.19"]
[Round "2"]
[White "Ghanbari, Nader Hadji"]
[Black "Hanratty, Brian"]
[Result "1-0"]
[WhiteElo "1952"]
[BlackElo "1917"]
[PlyCount "45"]
[EventDate "2022.09.12"]
[EventType "tourn"]
[EventRounds "9"]
[EventCountry "CAN"]

1. c4 Nf6 2. Nc3 g6 3. g3 Bg7 4. Bg2 O-O 5. e4 d6 6. Nge2 e5 7. O-O Nc6 8. d3
Bd7 9. h3 a6 10. Be3 Qc8 11. Kh2 h5 12. Qd2 Kh7 13. f4 h4 14. f5 hxg3+ 15. Nxg3
Rh8 16. Bg5 Kg8 17. Bxf6 Bxf6 18. fxg6 Bxh3 19. Kg1 Bxg2 20. Rxf6 Qh3 21. Qxg2
Qh4 22. Rxf7 Nd8 23. Nf5 1-0

[Event "Toronto Closed-C"]
[Site "Toronto CAN"]
[Date "2022.09.19"]
[Round "2"]
[White "Grisar, Charles"]
[Black "Boross-Harmer, Peter"]
[Result "1-0"]
[WhiteElo "1911"]
[BlackElo "1916"]
[PlyCount "47"]
[EventDate "2022.09.12"]
[EventType "tourn"]
[EventRounds "9"]
[EventCountry "CAN"]

1. e4 c6 2. Nc3 d5 3. Nf3 dxe4 4. Nxe4 Nf6 5. Qe2 Nxe4 6. Qxe4 Nd7 7. Bc4 Nf6
8. Ne5 e6 9. Qe2 Bd6 10. d4 O-O 11. O-O c5 12. dxc5 Bxc5 13. Bg5 h6 14. Rad1
Qe7 15. Bh4 g5 16. Bg3 Bd7 17. Kh1 Bc6 18. f4 Bd5 19. Bd3 Nd7 20. Nxd7 Qxd7 21.
c4 Bc6 22. Bh7+ Kxh7 23. Rxd7 Bxd7 24. Qd3+ 1-0

[Event "Toronto Closed-C"]
[Site "Toronto CAN"]
[Date "2022.09.19"]
[Round "2"]
[White "Panahov, Farhad"]
[Black "Gauthier, David"]
[Result "0-1"]
[WhiteElo "1945"]
[BlackElo "1866"]
[PlyCount "74"]
[EventDate "2022.09.12"]
[EventType "tourn"]
[EventRounds "9"]
[EventCountry "CAN"]

1. e4 c5 2. Qe2 e5 3. g3 Nc6 4. c3 d5 5. d3 Nf6 6. Bg2 d4 7. c4 Rb8 8. f4 b5 9.
cxb5 Qa5+ 10. Bd2 Qxb5 11. b3 Ba6 12. Bf1 Nb4 13. Bxb4 Qxb4+ 14. Nd2 Nd7 15.
Ngf3 Qc3 16. Rd1 Bd6 17. f5 Rd8 18. Kf2 Qa5 19. Nc4 Bxc4 20. dxc4 Qb4 21. Ne1
a5 22. Nc2 Qb6 23. Qg4 O-O 24. Bd3 a4 25. bxa4 Ra8 26. Rb1 Qc6 27. Ke2 Rxa4 28.
a3 Ra7 29. Rhf1 Be7 30. Rb5 Nb6 31. Rfb1 Na4 32. R1b3 Nc3+ 33. Kd2 Qh6+ 34. Ke1
Qc1+ 35. Kf2 Qd2+ 36. Be2 Qxc2 37. Rb2 Qxe4 0-1

[Event "Toronto Closed-C"]
[Site "Toronto CAN"]
[Date "2022.09.19"]
[Round "2"]
[White "Wang, Bingfei"]
[Black "Mohan, Abhinandan"]
[Result "0-1"]
[WhiteElo "1926"]
[BlackElo "1933"]
[PlyCount "96"]
[EventDate "2022.09.12"]
[EventType "tourn"]
[EventRounds "9"]
[EventCountry "CAN"]

1. d4 Nf6 2. c4 e6 3. Nf3 d5 4. Nc3 c6 5. e3 Nbd7 6. Bd3 dxc4 7. Bxc4 b5 8. Bd3
Bb7 9. a3 a5 10. O-O Be7 11. e4 b4 12. Na4 O-O 13. Bf4 c5 14. dxc5 Nxe4 15.
Bxe4 Bxe4 16. Rc1 Rc8 17. Ne5 Nxc5 18. Nxc5 Rxc5 19. Rxc5 Bxc5 20. Nd7 Qe7 21.
Nxf8 Qxf8 22. axb4 axb4 23. Qd7 Qa8 24. Rc1 Bf8 25. Bd6 Qd5 26. f3 Qd4+ 27. Kh1
Bg6 28. h3 Qxd6 29. Qe8 Qd2 30. Rc8 Qd1+ 31. Kh2 Qd6+ 32. Kh1 Qd1+ 33. Kh2 Qd6+
34. Kh1 f6 35. Qa4 h6 36. Qa8 Qd1+ 37. Kh2 Qd6+ 38. Kh1 Qd1+ 39. Kh2 Qd6+ 40.
Kh1 Qe7 41. Qc6 e5 42. Rc7 Qe8 43. Qd5+ Kh7 44. Qb7 e4 45. Rc8 Qe7 46. Qa8 exf3
47. Rxf8 fxg2+ 48. Kg1 Qe1+ 0-1

[Event "Toronto Closed-C"]
[Site "Toronto CAN"]
[Date "2022.09.26"]
[Round "3"]
[White "Boross-Harmer, Peter"]
[Black "Panahov, Farhad"]
[Result "0-1"]
[WhiteElo "1916"]
[BlackElo "1945"]
[PlyCount "59"]
[EventDate "2022.09.12"]
[EventType "tourn"]
[EventRounds "9"]
[EventCountry "CAN"]

1. d4 d5 2. Nf3 Bg4 3. Ne5 Bf5 4. c3 Nd7 5. Bf4 Ngf6 6. Nd2 g6 7. Ndf3 Bg7 8.
e3 Nh5 9. Bd3 Nxf4 10. exf4 Bxd3 11. Qxd3 O-O 12. Nxd7 Qxd7 13. O-O Rac8 14.
Rfe1 c5 15. dxc5 Rxc5 16. Qe3 Rb5 17. Rab1 a6 18. Nd4 Bxd4 19. Qxd4 Rc8 20. Re2
Rc4 21. Qe5 d4 22. Qxe7 Qxe7 23. Rxe7 Rxc3 24. g3 Rc2 25. a4 Rbxb2 26. Rxb7 Ra2
27. R7b4 Rxf2 28. Rxd4 Rg2+ 29. Kf1 Rxh2 30. g4 0-1

[Event "Toronto Closed-C"]
[Site "Toronto CAN"]
[Date "2022.09.26"]
[Round "3"]
[White "Gauthier, David"]
[Black "Ghanbari, Nader Hadji"]
[Result "0-1"]
[WhiteElo "1866"]
[BlackElo "1952"]
[PlyCount "86"]
[EventDate "2022.09.12"]
[EventType "tourn"]
[EventRounds "9"]
[EventCountry "CAN"]

1. e4 c5 2. Nf3 e6 3. d4 cxd4 4. Nxd4 Nc6 5. Nc3 Qc7 6. f4 d6 7. Be3 Nf6 8. Bd3
Nxd4 9. Bxd4 e5 10. Be3 Bd7 11. Qd2 a6 12. O-O Bc6 13. Rae1 Ng4 14. Nd5 Bxd5
15. exd5 Be7 16. Kh1 Nxe3 17. Qxe3 Bf6 18. g4 h6 19. g5 hxg5 20. fxg5 Bd8 21.
Re2 Rh5 22. Rg2 Qe7 23. Qf3 g6 24. Rgf2 Rh7 25. Rg2 Bb6 26. Qg4 Qd7 27. Qf3
O-O-O 28. Be2 Kb8 29. Qb3 Ka7 30. Qa3 Qc7 31. b4 Rc8 32. c4 Bd4 33. Bg4 Qxc4
34. Rd1 Rc7 35. b5 Qxb5 36. Qxd6 Rc5 37. Bf3 Rh3 38. Qf6 Rc3 39. Be4 Rhe3 40.
Bc2 Qxd5 41. Bb3 Qc5 42. Qxf7 Rf3 43. Qxg6 Qb5 0-1

[Event "Toronto Closed-C"]
[Site "Toronto CAN"]
[Date "2022.09.26"]
[Round "3"]
[White "Guan, Daniel"]
[Black "Grisar, Charles"]
[Result "0-1"]
[WhiteElo "1872"]
[BlackElo "1911"]
[PlyCount "64"]
[EventDate "2022.09.12"]
[EventType "tourn"]
[EventRounds "9"]
[EventCountry "CAN"]

1. d4 Nf6 2. c4 e6 3. Nc3 d5 4. Bg5 Be7 5. e3 O-O 6. Nf3 b6 7. cxd5 Nxd5 8.
Bxe7 Qxe7 9. Qb3 Bb7 10. Be2 Nd7 11. O-O c5 12. dxc5 Nxc5 13. Nxd5 Bxd5 14. Qb4
Rfd8 15. Rfd1 Rac8 16. Rd2 Qf6 17. Rad1 Ne4 18. Rd4 Nc5 19. Qa3 Qe7 20. e4 Bc6
21. Ne5 Rxd4 22. Rxd4 Ba8 23. Rd7 Qg5 24. Qc3 Rf8 25. Rxa7 Nxe4 26. Qc7 Nc3 27.
Bf1 Ne2+ 28. Kh1 Nf4 29. f3 Nd5 30. Nxf7 Qe3 31. Qc4 b5 32. Qe2 Qxa7 0-1

[Event "Toronto Closed-C"]
[Site "Toronto CAN"]
[Date "2022.10.06"]
[Round "3"]
[White "Hanratty, Brian"]
[Black "Wang, Bingfei"]
[Result "0-1"]
[WhiteElo "1917"]
[BlackElo "1926"]
[PlyCount "86"]
[EventDate "2022.09.12"]
[EventType "tourn"]
[EventRounds "9"]
[EventCountry "CAN"]

1. f4 g6 2. Nf3 Bg7 3. e4 e6 4. d4 d5 5. e5 c5 6. c3 Nc6 7. Na3 a6 8. dxc5 f6
9. exf6 Nxf6 10. Bd3 Qe7 11. Be3 Nd7 12. Rc1 Nxc5 13. Bb1 b5 14. O-O Bb7 15.
Nc2 O-O-O 16. Ncd4 Rhf8 17. b4 Na4 18. Qd2 e5 19. Nxc6 Bxc6 20. fxe5 Bxe5 21.
Rfe1 Rde8 22. Bd4 Bxd4+ 23. cxd4 Qc7 24. Ne5 Rf6 25. Bd3 Kb7 26. Be2 Nb6 27.
Qg5 Rf5 28. Qg3 Nc4 29. Bg4 Rff8 30. Bf3 Re6 31. a4 Nxe5 32. Bxd5 Rd6 33. Bb3
Nc4 34. axb5 axb5 35. Bxc4 bxc4 36. Rxc4 Qf7 37. Rcc1 Qf4 38. Qh3 Rdf6 39. Qg3
Qf2+ 40. Qxf2 Rxf2 41. d5 Bxd5 42. Re7+ Kb6 43. Rce1 Rxg2+ 0-1

[Event "Toronto Closed-C"]
[Site "Toronto CAN"]
[Date "2022.10.28"]
[Round "3"]
[White "Mohan, Abhinandan"]
[Black "Bergeron, Matthew"]
[Result "1-0"]
[WhiteElo "1933"]
[BlackElo "1975"]
[PlyCount "151"]
[EventDate "2022.09.12"]
[EventType "tourn"]
[EventRounds "9"]
[EventCountry "CAN"]

1. d4 Nf6 2. c4 e6 3. Nf3 d5 4. Nc3 Be7 5. e3 O-O 6. Qc2 Nbd7 7. cxd5 Nxd5 8.
a3 c5 9. Bd3 h6 10. O-O a6 11. e4 Nxc3 12. bxc3 b5 13. a4 c4 14. Be2 Bb7 15.
Ba3 Nf6 16. Bxe7 Qxe7 17. Nd2 Rfd8 18. axb5 axb5 19. Rab1 Ra5 20. f4 Rda8 21.
Bf3 Bc6 22. Rb2 Ra4 23. Rfb1 Qb7 24. h3 Qc7 25. g3 g5 26. e5 Nd5 27. Ne4 Ra3
28. fxg5 hxg5 29. Qd2 Ne7 30. Nf6+ Kf8 31. Qxg5 Ng6 32. Qh6+ Ke7 33. Qg5 Kf8
34. Qh6+ Ke7 35. Qg5 Kf8 36. Bh5 Rxc3 37. Bxg6 Raa3 38. Nh5 Qe7 39. Qf4 Rf3 40.
Qh6+ Ke8 41. Bh7 Kd8 42. Qd2 c3 43. Qc1 Qd7 44. Rf2 Qxd4 45. Qd1 Qxd1+ 46.
Rxd1+ Kc7 47. Rd4 Rb3 48. Rxf3 Bxf3 49. Nf4 Kb6 50. Kf2 Kc5 51. Rd8 Bd5 52. Ke2
Bc4+ 53. Nd3+ Kb6 54. Kd1 Bd5 55. Kc2 Ra3 56. h4 Ka5 57. Rd7 Ra2+ 58. Kxc3 b4+
59. Kd4 b3 60. Kc5 Rc2+ 61. Kd4 b2 62. Nxb2 Rxb2 63. Rxf7 Rb4+ 64. Ke3 Rg4 65.
Kf2 Kb6 66. Rf4 Rg7 67. Be4 Kc5 68. g4 Kd4 69. Bxd5+ Kxd5 70. g5 Kxe5 71. Kg3
Rb7 72. Rf3 Rb1 73. Kg4 Ke4 74. Rf8 Rb7 75. h5 Rb5 76. h6 1-0

[Event "Toronto Closed-C"]
[Site "Toronto CAN"]
[Date "2022.10.13"]
[Round "4"]
[White "Bergeron, Matthew"]
[Black "Hanratty, Brian"]
[Result "1-0"]
[WhiteElo "1975"]
[BlackElo "1917"]
[PlyCount "59"]
[EventDate "2022.09.12"]
[EventType "tourn"]
[EventRounds "9"]
[EventCountry "CAN"]

1. e4 c5 2. Nf3 d6 3. c4 e5 4. Nc3 Nc6 5. g3 Nf6 6. Bg2 g6 7. d3 Bg7 8. O-O O-O
9. Be3 a6 10. Rc1 Rb8 11. Nd5 Nxd5 12. cxd5 Nd4 13. Nxd4 exd4 14. Bf4 b5 15. h4
h6 16. Qd2 Kh7 17. b4 cxb4 18. Rc6 Rb6 19. Qxb4 Rxc6 20. dxc6 Be5 21. Bxe5 dxe5
22. c7 Qe8 23. f4 Kg8 24. Qd6 f6 25. Kh2 exf4 26. Rxf4 Qf7 27. e5 Qxa2 28. Rxf6
Rxf6 29. exf6 Bb7 30. Qd8+ 1-0

[Event "Toronto Closed-C"]
[Site "Toronto CAN"]
[Date "2022.10.03"]
[Round "4"]
[White "Ghanbari, Nader Hadji"]
[Black "Wang, Bingfei"]
[Result "1-0"]
[WhiteElo "1952"]
[BlackElo "1926"]
[PlyCount "41"]
[EventDate "2022.09.12"]
[EventType "tourn"]
[EventRounds "9"]
[EventCountry "CAN"]

1. c4 e6 2. Nc3 d5 3. d4 Nf6 4. cxd5 exd5 5. Bg5 c6 6. e3 Bd6 7. Bd3 O-O 8.
Nge2 Be6 9. Qc2 h6 10. Bh4 Nbd7 11. f3 c5 12. dxc5 Bxc5 13. Bf2 Qb6 14. Nd4
Rac8 15. O-O a6 16. Na4 Bxd4 17. Nxb6 Rxc2 18. Nxd7 Rd2 19. Nxf8 Kxf8 20. exd4
Rxd3 21. Rfd1 1-0

[Event "Toronto Closed-C"]
[Site "Toronto CAN"]
[Date "2022.10.03"]
[Round "4"]
[White "Grisar, Charles"]
[Black "Mohan, Abhinandan"]
[Result "0-1"]
[WhiteElo "1911"]
[BlackElo "1933"]
[PlyCount "100"]
[EventDate "2022.09.12"]
[EventType "tourn"]
[EventRounds "9"]
[EventCountry "CAN"]

1. Nf3 Nf6 2. Ne5 Ne4 3. Nc4 Nc5 4. Nca3 Nca6 5. Nc3 Nc6 6. Nab1 Nab8 7. Nd5
Nd4 8. Nf4 Nf5 9. Nh3 Nh6 10. Ng1 Ng8 11. e4 c5 12. Nc3 a6 13. a4 e6 14. Bc4
Nc6 15. Nge2 Nf6 16. O-O d5 17. exd5 exd5 18. Ba2 d4 19. Nb1 Bd6 20. Ng3 O-O
21. d3 Ng4 22. h3 Ne3 23. Bxe3 dxe3 24. f4 Qh4 25. Ne4 Bxf4 26. Nbc3 Nd4 27.
Ne2 Bg4 28. Rxf4 Bxe2 29. Rxh4 Bxd1 30. Rxd1 Nxc2 31. Nc3 Rad8 32. Ne2 b5 33.
Bb3 Nb4 34. Re4 Nxd3 35. Rxe3 Nxb2 36. Rxd8 Rxd8 37. axb5 axb5 38. Kf2 c4 39.
Bc2 b4 40. Ke1 g6 41. Re4 b3 42. Nd4 bxc2 43. Nxc2 Rd1+ 44. Ke2 c3 45. Re8+ Kg7
46. Ne3 Rd2+ 47. Kf3 Nd1 48. Ng4 c2 49. Rc8 Rd3+ 50. Ke2 Nc3+ 0-1

[Event "Toronto Closed-C"]
[Site "Toronto CAN"]
[Date "2022.10.03"]
[Round "4"]
[White "Panahov, Farhad"]
[Black "Guan, Daniel"]
[Result "1-0"]
[WhiteElo "1945"]
[BlackElo "1872"]
[PlyCount "111"]
[EventDate "2022.09.12"]
[EventType "tourn"]
[EventRounds "9"]
[EventCountry "CAN"]

1. e4 c5 2. Qe2 Nc6 3. c3 d5 4. d3 e5 5. g3 d4 6. c4 Bd6 7. Bg2 Rb8 8. Nh3 Nf6
9. O-O O-O 10. Nd2 Ne8 11. f4 Bxh3 12. Bxh3 Qe7 13. Nf3 f6 14. Nh4 g6 15. Qg4
Kh8 16. Nf3 f5 17. exf5 gxf5 18. Qh4 e4 19. dxe4 Qxh4 20. gxh4 fxe4 21. Ng5 e3
22. Be6 Rxf4 23. b3 Rxf1+ 24. Kxf1 Bxh2 25. Bb2 Nc7 26. Kg2 Nxe6 27. Nxe6 Bd6
28. Re1 Kg8 29. Kf3 h6 30. Ke4 Ne7 31. Ba3 b6 32. Nxd4 cxd4 33. Bxd6 Re8 34.
Bxe7 Rxe7+ 35. Kxd4 e2 36. Kd3 Rd7+ 37. Kxe2 Re7+ 38. Kd2 Rxe1 39. Kxe1 Kf7 40.
Ke2 Kg6 41. Kf3 Kf5 42. b4 h5 43. c5 bxc5 44. bxc5 Ke5 45. c6 Kd6 46. Kf4 Kxc6
47. Kg5 a5 48. Kxh5 Kb5 49. Kg4 Kb4 50. h5 Ka3 51. h6 Kxa2 52. h7 a4 53. h8=Q
a3 54. Qg8+ Ka1 55. Qg7+ Ka2 56. Qc3 1-0

[Event "Toronto Closed-C"]
[Site "Toronto CAN"]
[Date "2022.10.17"]
[Round "5"]
[White "Guan, Daniel"]
[Black "Gauthier, David"]
[Result "1-0"]
[WhiteElo "1872"]
[BlackElo "1866"]
[PlyCount "95"]
[EventDate "2022.09.12"]
[EventType "tourn"]
[EventRounds "9"]
[EventCountry "CAN"]

1. d4 Nf6 2. c4 e5 3. dxe5 Ne4 4. a3 Nc6 5. Nf3 d6 6. exd6 Bxd6 7. Nbd2 Bf5 8.
e3 Qe7 9. Be2 O-O-O 10. Nxe4 Bxe4 11. Bd2 g5 12. O-O g4 13. Nd4 f5 14. Qe1 Nxd4
15. exd4 Bxg2 16. Kxg2 Qh4 17. Rh1 Rhg8 18. c5 f4 19. Bc4 Rge8 20. Be6+ Kb8 21.
cxd6 f3+ 22. Kg1 Rxd6 23. d5 Rxd5 24. Bxd5 Rxe1+ 25. Rxe1 c6 26. Bf4+ Kc8 27.
Bc4 Qf6 28. Be5 Qf5 29. Bc3 Qf4 30. Be6+ Kd8 31. Bb3 Kd7 32. Kf1 b5 33. Be5 Qf5
34. Bc3 Qd3+ 35. Kg1 Kc7 36. h3 Qg6 37. Be5+ Kb6 38. hxg4 h5 39. Bg3 Qg5 40.
gxh5 Qd2 41. Rf1 Qxb2 42. h6 c5 43. h7 Qh8 44. Rh6+ Kb7 45. Bd5+ Kc8 46. Bc6 b4
47. axb4 c4 48. Re1 1-0